书目信息 |
| 题名: |
脂肪的真相
|
|
| 作者: | 泰肖尔兹 著 ;王薇 译 | |
| 分册: | ||
| 出版信息: | 北京 商务印书馆 2019.05 |
|
| 页数: | 482页 | |
| 开本: | 23cm | |
| 丛书名: | ||
| 单 册: | ||
| 中图分类: | TS974.14 | |
| 科图分类: | ||
| 主题词: | 减肥--jian fei--基本知识 | |
| 电子资源: | ||
| ISBN: | 978-7-100-16047-6 | |
| 000 | 01272nam0 2200289 450 | |
| 001 | 94362 | |
| 005 | 20250820105526.55 | |
| 010 | @a978-7-100-16047-6@dCNY89.00 | |
| 100 | @a20190812d2019 em y0chiy50 ea | |
| 101 | 1 | @achi@ceng |
| 102 | @aCN@b110000 | |
| 105 | @ay a 001yy | |
| 106 | @ar | |
| 200 | 1 | @a脂肪的真相@Azhi fang de zhen xiang@f(美) 妮娜·泰肖尔兹著@d= The big fat surprise why butter, meat & cheese belong in a healthy diet@fNina Teicholz@g王薇译@zeng |
| 210 | @a北京@c商务印书馆@d2019.05 | |
| 215 | @a482页@d23cm | |
| 305 | @a据Simon & Schuster Paperbacks出版社2014年英文版译出 | |
| 314 | @a妮娜·泰肖尔兹, 作家。 | |
| 320 | @a有书目和索引 | |
| 330 | @a本书糅和了历史观点和最前沿的科学研究, 通过详实的科学案例严谨地阐述了饱和脂肪有利于身体健康, 人类对脂肪的恐惧缺乏科学依据。作者从营养学和流行病学的角度, 分析了低脂肪、高碳水化合物饮食对体重和健康的影响, 揭露了现流行的低脂饮食在美国乃至全球备受推崇的历史原因。 | |
| 500 | 10 | @aBig fat surprise why butter, meat & cheese belong in a healthy diet@mChinese |
| 606 | 0 | @a减肥@Ajian fei@x基本知识 |
| 690 | @aTS974.14@v5 | |
| 701 | 1 | @a泰肖尔兹@Atai xiao er zi@g(Teicholz, Nina)@4著 |
| 702 | 0 | @a王薇@Awang wei@4译 |
| 801 | 0 | @aCN@c20250909 |
| 905 | @a河南城建学院图书馆@dTS974.14@eT083@f1 | |
| 脂肪的真相/(美) 妮娜·泰肖尔兹著= The big fat surprise why butter, meat & cheese belong in a healthy diet/Nina Teicholz/王薇译.-北京:商务印书馆,2019.05 |
| 482页;23cm |
| ISBN 978-7-100-16047-6:CNY89.00 |
| 本书糅和了历史观点和最前沿的科学研究, 通过详实的科学案例严谨地阐述了饱和脂肪有利于身体健康, 人类对脂肪的恐惧缺乏科学依据。作者从营养学和流行病学的角度, 分析了低脂肪、高碳水化合物饮食对体重和健康的影响, 揭露了现流行的低脂饮食在美国乃至全球备受推崇的历史原因。 |
| ● |
| 相关链接 |
|
|
|
正题名:脂肪的真相
索取号:TS974.14/T083
 
预约/预借
| 序号 | 登录号 | 条形码 | 馆藏地/架位号 | 状态 | 备注 |
| 1 | 1628288 | 216282886 | 自科库501/501自科库 46排1列5层/ [索取号:TS974.14/T083] | 在馆 |